| 000 | 01027nam a22003137a 4500 | ||
|---|---|---|---|
| 003 | CHAP | ||
| 005 | 20220329134119.0 | ||
| 008 | 971013s1984 r 10010 d | ||
| 010 | _a15590 | ||
| 011 | _a16562 | ||
| 035 | _a20643 | ||
| 040 | _cCHAP | ||
| 082 |
_a634.955 _bG7 1984 |
||
| 111 | 0 | 0 |
_aGrupo de Mejoramiento Genético Forestal. Reunión ( _n14 _d: 1984 _c: Durango, Dgo.) _950876 |
| 245 | _aCiclo de conferencias | ||
| 260 |
_aDurango, Dgo., : _bComisión Forestal de América del Norte, _c1984 |
||
| 300 | _a170 p | ||
| 500 | _acol. congresos | ||
| 590 |
_aBATCH-UPD _b10 _c20130110 _lUCH01 _h0151 |
||
| 590 |
_aBATCH-UPD _b10 _c20130110 _lUCH01 _h0923 |
||
| 590 |
_aBATCH-UPD _b10 _c20130410 _lUCH01 _h0544 |
||
| 590 |
_aBATCH-UPD _b10 _c20130914 _lUCH01 _h1536 |
||
| 590 |
_aCONVERSION _b10 _c20130109 _lUCH01 _h1310 |
||
| 650 | 1 | 4 |
_aÁrboles _xMejoramiento. _96622 |
| 650 | 1 | 4 |
_aGenética forestal. _947489 |
| 901 | _aBK | ||
| 942 | _cLIBRO | ||
| 949 |
_a634.955 G7 1984 _bBC _cLIBRO _d-48189 _eLIBRO _h63325 _i20643 _mD _si |
||
| 999 |
_c15590 _d15590 |
||